000 004800000a22001690004500
090 _aAR
_b00796
245 1 0 _aBirds of a highland clearing in Cundinamarca, Colombia
500 _a<Colección Aves>
650 1 4 _aAves
_992429
650 1 4 _aInventarios de aves
_96278
650 1 4 _aOrnitología
_993189
651 4 _mSantandercito
_dCundinamarca
_pColombia
_992749
041 0 _aInglés
100 1 _aMunves, James
_993982
942 _cARTICULO
773 1 _tAuk
_313
_q307-321
_d1975
_g92
999 _c9886
_d9886